000 00363nam a2200169Ia 4500
003 0100
008 130303s9999 xx 000 0 und d
040 _cARRUPELIB
050 _aBX2200.R4
100 _aReichert, Richard
245 _aTeaching sacraments to youth
260 _aNY
260 _bPaulist Pr.
260 _C1975
300 _a136p
942 0 0 _01
999 _c29883
_d29883